Тысячеление из жизни татар (Запись № 12023267)
[ простой вид ]
| 000 -МАРКЕР | |
|---|---|
| контрольное поле | 02285nam0a2200337 4500 |
| 001 - ИДЕНТИФИКАТОР ЗАПИСИ | |
| контрольное поле | RU\NLR\BIBL_A\011506567 |
| 005 - ИДЕНТИФИКАТОР ВЕРСИИ | |
| контрольное поле | 20260408125352.0 |
| 035 ## - ДРУГИЕ СИСТЕМНЫЕ НОМЕРА | |
| Идентификатор записи | (NLR Aleph) 011506567 |
| 100 ## - ДАННЫЕ ОБЩЕЙ ОБРАБОТКИ | |
| Данные общей обработки | 20171025d1897 |||y0rusy50 ca |
| 101 0# - ЯЗЫК РЕСУРСА | |
| Язык текста, звукозаписи и т.д. | русский |
| 102 ## - СТРАНА ПУБЛИКАЦИИ ИЛИ ПРОИЗВОДСТВА | |
| Страна публикации | российская федерация |
| 105 ## - ПОЛЕ КОДИРОВАННЫХ ДАННЫХ: ТЕКСТОВЫЕ МАТЕРИАЛЫ, МОНОГРАФИЧЕСКИЕ | |
| Кодированные данные о монографическом текстовом документе | y|||z|||000zy |
| 200 1# - ЗАГЛАВИЕ И СВЕДЕНИЯ ОБ ОТВЕТСТВЕННОСТИ | |
| Основное заглавие | Тысячеление из жизни татар |
| Обозначение и номер части | II |
| Наименование части | Тюрки |
| Обозначение и номер части | III |
| Наименование части | Уйгуры и киргизы |
| Обозначение и номер части | IV |
| Наименование части | Гунны |
| Сведения, относящиеся к заглавию | окончание |
| -- | читано в Общем собрании членов Туркестанского кружка любителей археологии, 16 октября 1897 года |
| Первые сведения об ответственности | Д. Струнин |
| 210 ## - ПУБЛИКАЦИЯ, РАСПРОСТРАНЕНИЕ И ДР. | |
| Место издания, распространения и т.д. | Ташкент |
| Имя издателя, распространителя и т. д. | Типо-литография торг. дома "Ф. и Г. бр. Каменские" |
| Дата издания, распространения и т.д. | 1897 |
| 215 ## - ФИЗИЧЕСКАЯ ХАРАКТЕРИСТИКА | |
| Специфическое обозначение материала и объем | С. [1], 43-67 |
| Размеры | 23 |
| 300 ## - ОБЩИЕ ПРИМЕЧАНИЯ | |
| Текст примечания | Авт. указан в конце текста |
| 309 ## - ПРИМЕЧАНИЯ ОБ ОСНОВНОМ ИСТОЧНИКЕ ИНФОРМАЦИИ И ОБ ОСОБЕННОСТЯХ ПОЛИГРАФИЧЕСКОГО ОФОРМЛЕНИЯ ИЗДАНИЯ | |
| Текст примечания | Без тит. л. и обл. |
| 316 ## - ПРИМЕЧАНИЯ ОБ ОСОБЕННОСТЯХ ЭКЗЕМПЛЯРА | |
| Текст примечания | Вплетено в изд. конволют: Туркестанский кружок любителей археологии за второй год его деятельности (11 дек. 1896 г. - 11 дек. 1897 г.). Ташкент: Типо-литография торг. дома "Ф. и Г. бр. Каменские", 1897 |
| Организация и экземпляр, к которому относится поле | NLR |
| 320 ## - ПРИМЕЧАНИЯ О НАЛИЧИИ В ДОКУМЕНТЕ БИБЛИОГРАФИИ / УКАЗАТЕЛЯ | |
| Текст примечания | Библиогр. в подстроч. примеч. и в тексте |
| 517 1# - ДРУГИЕ ВАРИАНТЫ ЗАГЛАВИЯ | |
| Вариант заглавия | Туркестанский кружок любителей археологии за второй год его деятельности (11 дек. 1896 г. - 11 дек. 1897 г.) |
| 601 02 - НАИМЕНОВАНИЕ ОРГАНИЗАЦИИ КАК ПРЕДМЕТ | |
| Начальный элемент ввода | Туркестанский кружок любителей археологии |
| Формальный подзаголовок | Документы и материалы |
| Тематический подзаголовок | История |
| Хронологический подзаголовок | 1895 - 1917 |
| Системный номер авторитетной/нормативной записи | 1040354 |
| Идентификатор авторитетной/нормативной записи | RU\NLR\AUTH\6682586 |
| 686 1# - ИНДЕКСЫ ДРУГИХ КЛАССИФИКАЦИЙ | |
| Индекс | Т4е(28)л52,11 |
| 700 #1 - ИМЯ ЛИЦА - ПЕРВИЧНАЯ ОТВЕТСТВЕННОСТЬ | |
| Материалы, к которым относится поле | rus |
| Графика поля | Кириллица |
| Начальный элемент ввода | Струнин |
| Часть имени, кроме начального элемента ввода | Д. Д. |
| Дополнения к именам, кроме дат | переводчик |
| Даты | 19 в. |
| Расширение инициалов личного имени | Димитрий Дмитриевич |
| Идентификатор авторитетной/нормативной записи | RU\NLR\AUTH\7776642 |
| Системный номер авторитетной/нормативной записи | 59570 |
| 711 02 - НАИМЕНОВАНИЕ ОРГАНИЗАЦИИ - АЛЬТЕРНАТИВНАЯ ОТВЕТСТВЕННОСТЬ | |
| Начальный элемент ввода | Туркестанский кружок любителей археологии |
| Идентифицирующий признак | Ташкент |
| Структурное подразделение | Заседание |
| Дата проведения временной организации | 1897, октябрь |
| Идентификатор авторитетной/нормативной записи | RU\NLR\AUTH\880457642 |
| Системный номер авторитетной/нормативной записи | 578407 |
| 852 ## - МЕСТОНАХОЖДЕНИЕ И ШИФР ХРАНЕНИЯ | |
| Идентификатор организации | NLR |
| Шифр хранения (Call Number) | 38.15.4.36(2-23) |
| 942 ## - ДОПОЛНИТЕЛЬНЫЕ ЭЛЕМЕНТЫ ЗАПИСИ (АБИС) | |
| Тип экземпляра АБИС | Книга |
| 980 ## - КОЛЛЕКЦИЯ | |
| Название коллекции | Национальная библиография |
Нет доступных экземпляров.